Cẩm nang nghiệp vụ quản trị tài chính doanh nghiệp /

Guardado en:
Detalles Bibliográficos
Otros Autores: Hoàng Anh (biên soạn.), Nguyễn Hải Sản (biên soạn.)
Formato: Sách giấy
Lenguaje:Vietnamese
Publicado: H. : Thống kê, 2008.
Materias:
Etiquetas: Agregar Etiqueta
Sin Etiquetas, Sea el primero en etiquetar este registro!
Thư viện lưu trữ: Thư viện Trường Đại học Đà Lạt
LEADER 00876nam a2200325 4500
001 DLU090065393
005 ##20090325
040 # # |a DLU  |b vie 
041 # # |a vie 
044 # # |a vn 
082 # # |a 658.15  |b Cam 
245 # # |a Cẩm nang nghiệp vụ quản trị tài chính doanh nghiệp /  |c Nguyễn Hải Sản, Hoàng Anh biên soạn. 
260 # # |a H. :  |b Thống kê,  |c 2008. 
300 # # |a 675 tr. ;  |c 28 cm. 
653 # # |a Quản trị doanh nghiệp 
653 # # |a Quản trị tài chính 
653 # # |a Tài chính doanh nghiệp 
700 # # |a Hoàng Anh,  |e biên soạn. 
700 # # |a Nguyễn Hải Sản,  |e biên soạn. 
923 # # |a 22/2008 
991 # # |a SH 
992 # # |a 190000 
994 # # |a DLU 
900 # # |a True 
911 # # |a Đào Thị Thu Huyền 
925 # # |a G 
926 # # |a A 
927 # # |a SH 
980 # # |a Thư viện Trường Đại học Đà Lạt